000 00480nam a2200181Ia 4500
003 GCL
008 140319s9999 xx 000 0 eng d
040 _aGCL /
_cGCL
082 0 4 _a709.74
_bV N
100 1 _aVCH PUBLISHERS
245 1 0 _aNEW ART FROM EASTERN EUROPE IDENTITY AND CONFLICT /
_cVCH PUBLISHERS
260 _a[S.N] :
_bART AND DESIGN ،
_c1994
300 _a96 P
650 0 4 _aARTS
650 0 4 _aMODERN ART
650 0 4 _aDESIGN - EASTERN EUROPE
942 _2ddc
_cBK
999 _c15677
_d15677